48 全国市町村 人口順 - Statistics

General Stats
  • This quiz has been taken 9 times
  • The average score is 45 of 1741
Answer Stats
順位 人口 市町村 % Correct
1 3,772,267 横浜市
100%
2 2,816,247 大阪市
100%
3 2,338,873 名古屋市
100%
4 1,967,323 札幌市
100%
5 1,670,636 福岡市
100%
6 1,558,559 川崎市
100%
7 1,486,038 神戸市
100%
8 1,433,071 京都市
100%
9 1,356,136 さいたま市
100%
10 1,174,357 広島市
100%
11 1,094,799 仙台市
100%
12 987,361 千葉市
100%
14 900,111 北九州市
100%
16 769,411 浜松市
100%
22 709,799 岡山市
100%
25 666,764 静岡市
100%
13 950,540 世田谷区
67%
15 803,638 堺市
67%
17 761,999 練馬区
67%
18 760,085 新潟市
67%
19 757,230 大田区
67%
20 735,455 熊本市
67%
21 721,801 相模原市
67%
23 706,352 足立区
67%
24 698,249 江戸川区
67%
27 599,195 杉並区
67%
28 597,150 板橋区
67%
31 576,747 八王子市
67%
32 541,389 江東区
67%
26 651,220 船橋市
33%
29 595,396 川口市
33%
30 579,202 鹿児島市
33%
33 516,529 姫路市
33%
34 511,106 宇都宮市
33%
35 502,554 市川市
33%
36 501,080 松戸市
33%
37 494,811 松山市
33%
38 485,549 東大阪市
33%
39 481,234 西宮市
33%
40 468,938 大分市
33%
41 464,431 倉敷市
33%
42 461,493 葛飾区
33%
43 454,737 尼崎市
33%
44 454,163 金沢市
33%
45 446,209 福山市
33%
46 443,496 藤沢市
33%
47 438,039 柏市
33%
48 432,409 町田市
33%
49 430,655 品川区
33%
50 413,768 豊田市
33%
51 407,174 高松市
33%
52 401,456 富山市
33%
53 398,162 豊中市
33%
54 396,375 吹田市
33%
55 392,299 岐阜市
33%
56 391,237 宮崎市
33%
57 388,941 枚方市
33%
58 383,418 長崎市
33%
59 379,751 岡崎市
33%
60 370,698 一宮市
33%
61 369,043 北区
33%
62 367,015 横須賀市
33%
63 365,316 高崎市
33%
64 360,787 新宿区
33%
65 360,241 豊橋市
33%
66 358,783 長野市
33%
67 354,242 川越市
33%
68 353,922 中野区
33%
69 345,861 高槻市
33%
70 345,172 奈良市
33%
71 344,395 大津市
33%
72 341,549 和歌山市
33%
73 340,762 所沢市
33%
74 338,134 越谷市
33%
75 324,954 前橋市
33%
76 316,298 郡山市
33%
77 313,576 いわき市
33%
78 311,011 豊島区
33%
79 310,371 旭川市
33%
80 309,972 高知市
33%
81 309,197 那覇市
33%
82 306,536 明石市
33%
83 302,786 春日井市
33%
84 298,931 四日市市
33%
1723 476 檜枝岐村
33%
1735 282 渡名喜村
33%
1737 161 青ヶ島村
33%
1738 0 富岡町
33%
1740 0 双葉町
33%
1741 0 浪江町
33%
85 297,943 久留米市
0%
86 292,587 秋田市
0%
87 290,582 茨木市
0%
88 288,713 目黒区
0%
89 285,361 墨田区
0%
90 278,377 盛岡市
0%
91 270,588 港区
0%
92 268,906 福島市
0%
93 265,768 水戸市
0%
94 264,725 府中市
0%
95 264,400 津市
0%
96 263,044 つくば市
0%
97 261,143 市原市
0%
98 257,783 平塚市
0%
99 257,125 八尾市
0%
100 256,304 青森市
0%
101 253,487 加古川市
0%
102 252,903 長岡市
0%
103 252,733 福井市
0%
104 250,547 草加市
0%
105 249,872 文京区
0%
106 245,875 調布市
0%
107 245,034 茅ヶ崎市
0%
108 244,822 大和市
0%
109 244,742 渋谷区
0%
110 243,083 徳島市
0%
111 238,059 富士市
0%
112 237,800 山形市
0%
113 237,259 下関市
0%
114 235,639 松本市
0%
115 232,050 函館市
0%
116 228,405 上尾市
0%
117 227,117 佐賀市
0%
118 226,803 佐世保市
0%
119 225,769 台東区
0%
120 225,695 荒川区
0%
121 225,190 春日部市
0%
122 222,797 厚木市
0%
123 222,544 寝屋川市
0%
124 221,312 太田市
0%
125 219,715 宝塚市
0%
126 215,044 流山市
0%
127 210,431 伊勢崎市
0%
128 210,178 八戸市
0%
129 208,353 西東京市
0%
130 205,995 八千代市
0%
131 200,849 小平市
0%
132 198,842 東広島市
0%
133 196,482 三鷹市
0%
134 195,516 松江市
0%
135 194,966 伊丹市
0%
136 193,684 呉市
0%
137 192,585 日野市
0%
138 189,595 鈴鹿市
0%
139 188,986 中央区
0%
140 188,896 熊谷市
0%
141 187,965 山口市
0%
142 186,487 立川市
0%
143 185,460 安城市
0%
144 185,005 甲府市
0%
145 184,944 小田原市
0%
146 183,409 岸和田市
0%
147 183,308 豊川市
0%
148 180,701 和泉市
0%
149 180,021 鳥取市
0%
150 179,866 沼津市
0%
151 176,959 上越市
0%
152 175,965 習志野市
0%
153 172,949 浦安市
0%
154 172,931 宇治市
0%
155 169,840 出雲市
0%
156 169,530 鎌倉市
0%
157 166,726 西尾市
0%
158 166,149 新座市
0%
159 165,955 小山市
0%
160 164,217 苫小牧市
0%
161 163,529 佐倉市
0%
162 161,709 磐田市
0%
163 160,431 帯広市
0%
164 160,211 日立市
0%
165 159,946 秦野市
0%
166 159,014 都城市
0%
167 158,693 高岡市
0%
168 157,382 弘前市
0%
169 153,986 宇部市
0%
170 153,895 刈谷市
0%
171 153,672 大垣市
0%
172 152,377 東村山市
0%
173 152,136 ひたちなか市
0%
174 151,703 松阪市
0%
175 151,531 野田市
0%
176 151,161 釧路市
0%
177 150,683 武蔵野市
0%
178 149,257 草津市
0%
179 149,227 上田市
0%
180 148,789 栃木市
0%
181 148,714 久喜市
0%
182 148,191 川西市
0%
183 146,720 多摩市
0%
184 146,099 狭山市
0%
185 144,853 小牧市
0%
186 144,556 朝霞市
0%
187 143,060 米子市
0%
188 142,650 戸田市
0%
189 141,665 土浦市
0%
190 141,451 海老名市
0%
191 141,409 沖縄市
0%
192 141,289 三郷市
0%
193 140,996 各務原市
0%
194 140,980 今治市
0%
195 140,814 入間市
0%
196 140,122 守口市
0%
197 138,697 箕面市
0%
198 138,694 深谷市
0%
199 136,919 足利市
0%
200 136,881 木更津市
0%
201 136,386 古河市
0%
202 136,078 藤枝市
0%
203 134,316 成田市
0%
204 134,296 桑名市
0%
205 132,928 国分寺市
0%
206 132,134 焼津市
0%
207 131,890 座間市
0%
208 130,867 稲沢市
0%
209 130,390 我孫子市
0%
210 130,355 諫早市
0%
211 129,922 青梅市
0%
212 129,666 周南市
0%
213 129,532 石巻市
0%
214 128,458 小金井市
0%
215 127,471 うるま市
0%
216 124,098 瀬戸市
0%
217 122,668 富士宮市
0%
218 122,300 飯塚市
0%
219 121,288 尾道市
0%
220 120,692 霧島市
0%
221 119,798 岩国市
0%
222 119,458 大崎市
0%
223 119,049 江別市
0%
224 117,710 橿原市
0%
225 116,488 鴻巣市
0%
226 116,379 八代市
0%
227 116,285 昭島市
0%
228 115,876 伊勢市
0%
229 115,621 浦添市
0%
230 114,887 大東市
0%
231 114,659 東久留米市
0%
232 114,554 松原市
0%
233 114,389 門真市
0%
234 113,968 生駒市
0%
235 113,750 半田市
0%
236 113,471 ふじみ野市
0%
237 113,405 富士見市
0%
238 113,110 鶴岡市
0%
239 112,996 那須塩原市
0%
240 112,339 東海市
0%
241 112,215 掛川市
0%
242 111,840 廿日市市
0%
243 111,659 彦根市
0%
244 111,388 別府市
0%
245 110,830 佐野市
0%
246 110,589 加須市
0%
247 110,086 防府市
0%
248 110,079 鎌ケ谷市
0%
249 110,064 東近江市
0%
250 110,029 唐津市
0%
251 109,493 会津若松市
0%
252 109,434 新居浜市
0%
253 109,430 春日市
0%
254 109,368 延岡市
0%
255 109,254 印西市
0%
256 109,024 白山市
0%
257 108,468 北見市
0%
258 107,993 長浜市
0%
259 107,492 丸亀市
0%
260 105,194 筑紫野市
0%
261 105,140 羽曳野市
0%
262 104,425 奥州市
0%
263 104,242 大野城市
0%
264 104,116 池田市
0%
265 103,914 三田市
0%
266 103,479 富田林市
0%
267 103,332 小松市
0%
268 103,282 取手市
0%
269 102,658 三島市
0%
270 102,181 大牟田市
0%
271 101,893 一関市
0%
272 101,185 小樽市
0%
273 101,064 多治見市
0%
274 100,621 伊勢原市
0%
275 100,413 糸島市
0%
276 100,158 宜野湾市
0%
277 99,880 泉佐野市
0%
278 99,337 坂戸市
0%
279 98,998 西条市
0%
280 97,678 大村市
0%
281 97,568 可児市
0%
282 97,477 桐生市
0%
283 96,888 千歳市
0%
284 96,694 佐久市
0%
285 96,676 宗像市
0%
286 96,568 鹿屋市
0%
287 96,481 筑西市
0%
288 95,647 江南市
0%
289 95,520 稲城市
0%
290 95,001 河内長野市
0%
291 94,915 四街道市
0%
292 94,761 八潮市
0%
293 93,775 津山市
0%
294 93,628 日進市
0%
295 93,388 神栖市
0%
296 93,341 大府市
0%
297 92,804 東松山市
0%
298 92,409 安曇野市
0%
299 92,362 酒田市
0%
300 92,252 飯田市
0%
301 91,929 芦屋市
0%
302 91,868 島田市
0%
303 91,581 北上市
0%
304 89,653 鹿沼市
0%
305 89,368 新発田市
0%
306 88,690 三条市
0%
307 88,016 薩摩川内市
0%
308 87,920 射水市
0%
309 87,512 花巻市
0%
310 87,202 袋井市
0%
311 87,091 摂津市
0%
312 86,132 北名古屋市
0%
313 85,464 坂井市
0%
314 85,263 甲賀市
0%
315 85,201 守山市
0%
316 84,951 あま市
0%
317 84,816 和光市
0%
318 84,184 三原市
0%
319 83,957 亀岡市
0%
320 83,711 高砂市
0%
321 83,666 狛江市
0%
322 83,652 茂原市
0%
323 83,496 東大和市
0%
324 83,082 牛久市
0%
325 82,945 尾張旭市
0%
326 82,703 綾瀬市
0%
327 82,281 伊賀市
0%
328 81,844 御殿場市
0%
329 81,694 知多市
0%
330 81,638 長岡京市
0%
331 81,207 関市
0%
332 80,703 近江八幡市
0%
333 80,353 中津市
0%
334 79,980 大和郡山市
0%
335 79,907 貝塚市
0%
336 79,519 高山市
0%
337 79,001 名取市
0%
338 78,680 飯能市
0%
339 78,312 越前市
0%
340 78,259 木津川市
0%
341 77,932 君津市
0%
342 77,695 あきる野市
0%
343 77,132 横手市
0%
344 77,038 国立市
0%
345 76,996 清瀬市
0%
346 76,938 本庄市
0%
347 76,877 香芝市
0%
348 76,781 姶良市
0%
349 76,754 四国中央市
0%
350 76,730 蒲郡市
0%
351 76,208 真岡市
0%
352 75,811 蕨市
0%
353 75,724 行田市
0%
354 75,689 米沢市
0%
355 75,594 甲斐市
0%
356 75,114 志木市
0%
357 75,010 京田辺市
0%
358 74,752 柏崎市
0%
359 74,692 鳥栖市
0%
360 74,672 交野市
0%
361 74,292 龍ケ崎市
0%
362 74,112 福知山市
0%
363 74,017 室蘭市
0%
364 73,742 燕市
0%
365 73,693 舞鶴市
0%
366 73,635 桶川市
0%
367 73,009 館林市
0%
368 72,799 岩見沢市
0%
369 72,719 太宰府市
0%
370 72,670 知立市
0%
371 72,450 泉大津市
0%
372 72,083 名張市
0%
373 71,786 中津川市
0%
374 71,700 日光市
0%
375 71,520 碧南市
0%
376 71,514 城陽市
0%
377 71,495 豊岡市
0%
378 71,410 須賀川市
0%
379 71,056 三木市
0%
380 70,965 吉川市
0%
381 70,778 大仙市
0%
382 70,635 犬山市
0%
383 70,483 恵庭市
0%
384 70,282 笠間市
0%
385 70,253 行橋市
0%
386 70,111 守谷市
0%
387 70,086 たつの市
0%
388 69,997 渋川市
0%
389 69,881 鶴ヶ島市
0%
390 69,800 南アルプス市
0%
391 69,388 福津市
0%
392 69,287 登米市
0%
393 69,275 武蔵村山市
0%
394 69,152 総社市
0%
395 68,906 栗東市
0%
396 68,903 千代田区
0%
397 68,773 由利本荘市
0%
398 68,753 大田原市
0%
399 68,391 石岡市
0%
400 68,163 八幡市
0%
401 68,152 豊明市
0%
402 67,871 天草市
0%
403 67,035 鯖江市
0%
404 66,815 清須市
0%
405 66,678 柏原市
0%
406 66,646 香取市
0%
407 65,423 塩尻市
0%
408 65,256 八街市
0%
409 65,138 名護市
0%
410 65,035 袖ケ浦市
0%
411 64,950 豊見城市
0%
412 64,764 笛吹市
0%
413 64,588 阿南市
0%
414 64,318 羽島市
0%
415 64,195 北本市
0%
416 64,188 田辺市
0%
417 64,178 合志市
0%
418 63,891 鹿嶋市
0%
419 63,489 伊那市
0%
420 63,145 宇和島市
0%
421 62,954 大館市
0%
422 61,934 多賀城市
0%
423 61,934 みよし市
0%
424 61,757 長久手市
0%
425 61,524 藤井寺市
0%
426 61,290 伊東市
0%
427 60,994 白井市
0%
428 60,955 敦賀市
0%
429 60,948 糸満市
0%
430 60,844 蓮田市
0%
431 60,535 玉名市
0%
432 60,497 佐伯市
0%
433 60,143 柳川市
0%
434 60,125 旭市
0%
435 59,979 天理市
0%
436 59,917 天童市
0%
437 59,821 藤岡市
0%
438 59,406 小郡市
0%
439 59,165 大和高田市
0%
440 58,751 下野市
0%
441 58,747 加賀市
0%
442 58,560 野々市市
0%
443 58,269 津島市
0%
444 58,236 常総市
0%
445 58,166 古賀市
0%
446 58,139 常滑市
0%
447 58,115 愛西市
0%
448 57,983 栗原市
0%
449 57,971 日田市
0%
450 57,501 瑞穂市
0%
451 57,477 丹波市
0%
452 57,468 八女市
0%
453 57,255 千曲市
0%
454 57,188 橋本市
0%
455 57,155 大阪狭山市
0%
456 57,119 三豊市
0%
457 57,035 美濃加茂市
0%
458 56,787 山陽小野田市
0%
459 56,688 十和田市
0%
460 56,658 東金市
0%
461 56,505 泉南市
0%
462 56,267 田原市
0%
463 56,206 北広島市
0%
464 56,186 福生市
0%
465 56,040 紀の川市
0%
466 56,030 日向市
0%
467 55,695 白河市
0%
468 55,493 石狩市
0%
469 55,403 向日市
0%
470 55,363 湖西市
0%
471 54,888 下松市
0%
472 54,882 逗子市
0%
473 54,858 茅野市
0%
474 54,846 気仙沼市
0%
475 54,807 秩父市
0%
476 54,652 南相馬市
0%
477 54,397 宇城市
0%
478 54,108 直方市
0%
479 54,031 滝沢市
0%
480 54,022 伊達市
0%
481 53,799 観音寺市
0%
482 53,688 高石市
0%
483 53,670 岩出市
0%
484 53,520 羽村市
0%
485 53,347 湖南市
0%
486 53,338 四條畷市
0%
487 53,013 日高市
0%
488 52,974 宮古島市
0%
489 52,447 桜井市
0%
490 52,235 銚子市
0%
491 52,060 白岡市
0%
492 52,032 羽生市
0%
493 51,651 那珂市
0%
494 51,631 玉野市
0%
495 51,567 つくばみらい市
0%
496 51,548 富谷市
0%
497 51,475 土岐市
0%
498 51,407 村上市
0%
499 51,183 安中市
0%
500 51,140 南魚沼市
0%
501 51,042 鳴門市
0%
502 51,012 府中町
0%
503 50,637 阿見町
0%
504 50,519 坂東市
0%
505 50,106 野洲市
0%
506 49,846 塩竈市
0%
507 49,821 出水市
0%
508 49,626 浜田市
0%
509 49,620 伊万里市
0%
510 49,611 富里市
0%
511 49,456 二本松市
0%
512 49,378 亀山市
0%
513 49,060 東浦町
0%
514 49,004 那珂川市
0%
515 48,969 宇佐市
0%
516 48,697 むつ市
0%
517 48,462 結城市
0%
518 48,360 粕屋町
0%
519 48,260 能美市
0%
520 48,209 寒川町
0%
521 48,197 筑後市
0%
522 48,196 幸手市
0%
523 48,097 須坂市
0%
524 47,974 岩倉市
0%
525 47,939 裾野市
0%
526 47,678 みどり市
0%
527 47,654 朝倉市
0%
528 47,599 荒尾市
0%
529 47,528 阪南市
0%
530 47,451 石垣市
0%
531 47,406 東根市
0%
532 47,323 坂出市
0%
533 47,185 五所川原市
0%
534 46,694 三次市
0%
535 46,627 諏訪市
0%
536 46,567 光市
0%
537 46,477 小美玉市
0%
538 46,467 南城市
0%
539 46,418 大網白里市
0%
540 46,395 砺波市
0%
541 46,335 京丹後市
0%
542 46,256 菊川市
0%
543 46,190 志免町
0%
544 46,045 日南市
0%
545 45,956 小野市
0%
546 45,851 高浜市
0%
547 45,735 武雄市
0%
548 45,543 山鹿市
0%
549 45,328 山武市
0%
550 45,319 佐渡市
0%
551 45,278 南国市
0%
552 45,043 日置市
0%
553 44,909 菊池市
0%
554 44,838 伊奈町
0%
555 44,832 能代市
0%
556 44,732 十日町市
0%
557 44,723 岡谷市
0%
558 44,609 菊陽町
0%
559 44,555 七尾市
0%
560 44,507 海南市
0%
561 44,253 宮古市
0%
562 44,218 富岡市
0%
563 44,211 富士吉田市
0%
564 44,142 伊豆の国市
0%
565 44,028 いなべ市
0%
566 44,006 恵那市
0%
567 43,919 さくら市
0%
568 43,900 常陸太田市
0%
569 43,817 東郷町
0%
570 43,699 鉾田市
0%
571 43,641 南砺市
0%
572 43,494 田川市
0%
573 43,477 五泉市
0%
574 43,287 長泉町
0%
575 43,275 倉吉市
0%
576 43,253 高島市
0%
577 43,183 武豊町
0%
578 43,152 さぬき市
0%
579 42,897 岩沼市
0%
580 42,776 小城市
0%
581 42,628 北杜市
0%
582 42,599 赤穂市
0%
583 42,569 杉戸町
0%
584 42,557 熊取町
0%
585 42,372 登別市
0%
586 42,201 館山市
0%
587 42,129 弥富市
0%
588 41,919 笠岡市
0%
589 41,867 読谷村
0%
590 41,830 音更町
0%
591 41,817 幸田町
0%
592 41,598 大泉町
0%
593 41,585 南風原町
0%
594 41,555 益田市
0%
595 41,431 沼田市
0%
596 41,107 下妻市
0%
597 40,945 北斗市
0%
598 40,811 南あわじ市
0%
599 40,794 赤磐市
0%
600 40,774 志摩市
0%
601 40,755 喜多方市
0%
602 40,636 新城市
0%
603 40,292 牧之原市
0%
604 40,246 島原市
0%
605 40,223 小林市
0%
606 40,148 加西市
0%
607 40,102 小諸市
0%
608 40,085 中野市
0%
609 39,663 淡路市
0%
610 39,641 萩市
0%
611 39,538 加東市
0%
612 39,491 菰野町
0%
613 39,247 氷見市
0%
614 39,088 愛川町
0%
615 38,845 南足柄市
0%
616 38,811 三浦市
0%
617 38,758 洲本市
0%
618 38,722 長与町
0%
619 38,701 富津市
0%
620 38,502 真庭市
0%
621 38,497 雲仙市
0%
622 38,486 奄美市
0%
623 38,462 北茨城市
0%
624 38,354 壬生町
0%
625 38,281 寒河江市
0%
626 38,260 かすみがうら市
0%
627 37,865 中間市
0%
628 37,797 阿賀野市
0%
629 37,729 苅田町
0%
630 37,676 三芳町
0%
631 37,651 南島原市
0%
632 37,645 東海村
0%
633 37,639 黒部市
0%
634 37,368 魚津市
0%
635 37,312 丹波篠山市
0%
636 37,305 湯沢市
0%
637 37,094 宇美町
0%
638 37,067 葛城市
0%
639 37,016 東松島市
0%
640 36,961 三沢市
0%
641 36,880 津幡町
0%
642 36,843 見附市
0%
643 36,793 大洲市
0%
644 36,739 柴田町
0%
645 36,571 蟹江町
0%
646 36,519 糸魚川市
0%
647 36,362 大津町
0%
648 36,107 滝川市
0%
649 35,913 指宿市
0%
650 35,901 常陸大宮市
0%
651 35,839 西脇市
0%
652 35,543 桜川市
0%
653 35,531 稲敷市
0%
654 35,517 かほく市
0%
655 35,482 吉野川市
0%
656 35,419 郡上市
0%
657 35,253 函南町
0%
658 35,246 米原市
0%
659 35,134 西原町
0%
660 35,099 藍住町
0%
661 35,073 玉村町
0%
662 35,060 井原市
0%
663 35,032 宇土市
0%
664 35,028 利府町
0%
665 35,018 瑞浪市
0%
666 34,879 精華町
0%
667 34,872 瀬戸内市
0%
668 34,138 扶桑町
0%
669 33,913 府中市
0%
670 33,912 毛呂山町
0%
671 33,776 安来市
0%
672 33,762 広陵町
0%
673 33,750 播磨町
0%
674 33,589 宮代町
0%
675 33,534 益城町
0%
676 33,415 伊予市
0%
677 33,145 小松島市
0%
678 33,117 東温市
0%
679 33,050 大治町
0%
680 32,945 みやま市
0%
681 32,735 網走市
0%
682 32,726 臼杵市
0%
683 32,725 八重瀬町
0%
684 32,719 太子町
0%
685 32,685 雲南市
0%
686 32,602 いすみ市
0%
687 32,461 新宮町
0%
688 32,281 相馬市
0%
689 32,223 由布市
0%
690 32,172 亘理町
0%
691 32,166 南房総市
0%
692 32,155 匝瑳市
0%
693 31,984 島本町
0%
694 31,904 嘉麻市
0%
695 31,821 田村市
0%
696 31,778 本巣市
0%
697 31,689 西予市
0%
698 31,685 阿波市
0%
699 31,543 滑川市
0%
700 31,534 小千谷市
0%
701 31,525 山梨市
0%
702 31,450 新庄市
0%
703 31,443 紫波町
0%
704 31,396 香南市
0%
705 31,292 五島市
0%
706 31,161 宍粟市
0%
707 31,156 魚沼市
0%
708 31,155 境港市
0%
709 31,112 瑞穂町
0%
710 31,057 清水町
0%
711 31,046 浅口市
0%
712 31,012 大船渡市
0%
713 30,964 熱海市
0%
714 30,942 篠栗町
0%
715 30,911 駒ヶ根市
0%
716 30,750 寄居町
0%
717 30,728 中央市
0%
718 30,629 筑前町
0%
719 30,533 大磯町
0%
720 30,500 田原本町
0%
721 30,482 岡垣町
0%
722 30,354 潟上市
0%
723 30,318 葉山町
0%
724 30,288 四万十市
0%
725 30,251 豊後大野市
0%
726 30,209 海田町
0%
727 30,104 海津市
0%
728 30,099 稚内市
0%
729 30,076 大川市
0%
730 30,066 南さつま市
0%
731 30,017 伊達市
0%
732 29,991 上三川町
0%
733 29,917 上里町
0%
734 29,896 曽於市
0%
735 29,895 庄原市
0%
736 29,826 大田市
0%
737 29,752 綾部市
0%
738 29,742 稲美町
0%
739 29,667 南丹市
0%
740 29,664 白石市
0%
741 29,655 神埼市
0%
742 29,650 南九州市
0%
743 29,611 善通寺市
0%
744 29,610 本宮市
0%
745 29,573 茨城町
0%
746 29,540 鴨川市
0%
747 29,448 久慈市
0%
748 29,292 須恵町
0%
749 29,267 黒石市
0%
750 29,267 行方市
0%
751 29,236 都留市
0%
752 29,058 松前町
0%
753 29,051 矢板市
0%
754 28,999 長門市
0%
755 28,985 備前市
0%
756 28,827 東御市
0%
757 28,780 平川市
0%
758 28,768 時津町
0%
759 28,654 八幡浜市
0%
760 28,569 御前崎市
0%
761 28,565 人吉市
0%
762 28,507 北谷町
0%
763 28,486 高根沢町
0%
764 28,437 柳井市
0%
765 28,414 大和町
0%
766 28,225 南陽市
0%
767 28,217 釜石市
0%
768 28,165 大野市
0%
769 28,104 吉田町
0%
770 27,784 妙高市
0%
771 27,744 つがる市
0%
772 27,699 阿久比町
0%
773 27,673 韮崎市
0%
774 27,531 水巻町
0%
775 27,410 猪名川町
0%
776 27,357 下呂市
0%
777 27,266 小浜市
0%
778 27,242 斑鳩町
0%
779 27,151 甲州市
0%
780 27,143 矢巾町
0%
781 27,005 日出町
0%
782 26,944 松伏町
0%
783 26,867 志布志市
0%
784 26,863 小矢部市
0%
785 26,740 西都市
0%
786 26,624 七飯町
0%
787 26,605 富士河口湖町
0%
788 26,568 上山市
0%
789 26,513 朝来市
0%
790 26,493 北秋田市
0%
791 26,437 二宮町
0%
792 26,383 小川町
0%
793 26,345 岐南町
0%
794 26,303 胎内市
0%
795 26,296 平戸市
0%
796 26,169 相生市
0%
797 26,138 鹿島市
0%
798 25,953 うきは市
0%
799 25,862 三木町
0%
800 25,847 あわら市
0%
801 25,696 潮来市
0%
802 25,665 角田市
0%
803 25,610 鹿角市
0%
804 25,581 伊豆市
0%
805 25,577 いちき串木野市
0%
806 25,513 みやき町
0%
807 25,507 内灘町
0%
808 25,423 東員町
0%
809 25,420 杵築市
0%
810 25,350 美馬市
0%
811 25,333 対馬市
0%
812 25,329 東かがわ市
0%
813 25,033 宇陀市
0%
814 25,032 三股町
0%
815 25,027 高萩市
0%
816 24,987 高梁市
0%
817 24,981 垂井町
0%
818 24,906 香美市
0%
819 24,850 新見市
0%
820 24,849 五條市
0%
821 24,753 邑楽町
0%
822 24,683 大竹市
0%
823 24,601 新宮市
0%
824 24,458 名寄市
0%
825 24,396 幕別町
0%
826 24,388 嬉野市
0%
827 24,386 宮若市
0%
828 24,371 土佐市
0%
829 24,363 箕輪町
0%
830 24,356 長井市
0%
831 24,346 養老町
0%
832 24,202 大町市
0%
833 24,157 野木町
0%
834 23,998 有田市
0%
835 23,994 大口町
0%
836 23,977 おいらせ町
0%
837 23,864 安芸高田市
0%
838 23,814 境町
0%
839 23,806 有田川町
0%
840 23,650 国東市
0%
841 23,640 西海市
0%
842 23,570 石井町
0%
843 23,499 王寺町
0%
844 23,409 立山町
0%
845 23,345 美作市
0%
846 23,268 阿蘇市
0%
847 23,224 北島町
0%
848 23,208 山県市
0%
849 23,166 大河原町
0%
850 23,024 中城村
0%
851 22,887 二戸市
0%
852 22,839 加茂市
0%
853 22,775 吉岡町
0%
854 22,604 遠野市
0%
855 22,572 三郷町
0%
856 22,528 那須町
0%
857 22,488 熊野町
0%
858 22,373 美里町
0%
859 22,370 豊前市
0%
860 22,262 那須烏山市
0%
861 22,195 壱岐市
0%
862 22,008 池田町
0%
863 21,941 八幡平市
0%
864 21,881 明和町
0%
865 21,874 笠松町
0%
866 21,859 中標津町
0%
867 21,779 根室市
0%
868 21,766 昭和町
0%
869 21,728 湯河原町
0%
870 21,686 御所市
0%
871 21,614 仙北市
0%
872 21,611 男鹿市
0%
873 21,569 綾川町
0%
874 21,561 伊佐市
0%
875 21,544 入善町
0%
876 21,474 竹原市
0%
877 21,462 御坊市
0%
878 21,311 にかほ市
0%
879 21,283 上天草市
0%
880 21,244 西郷村
0%
881 21,205 豊後高田市
0%
882 21,037 美浜町
0%
883 20,909 水俣市
0%
884 20,885 多度津町
0%
885 20,855 上野原市
0%
886 20,699 江津市
0%
887 20,575 横芝光町
0%
888 20,559 高畠町
0%
889 20,517 大野町
0%
890 20,477 三好市
0%
891 20,464 上牧町
0%
892 20,404 飛騨市
0%
893 20,342 益子町
0%
894 20,338 愛荘町
0%
895 20,322 白石町
0%
896 20,253 勝山市
0%
897 20,227 美祢市
0%
898 20,219 大月市
0%
899 20,165 八千代町
0%
900 20,164 村山市
0%
901 20,142 日野町
0%
902 20,120 酒々井町
0%
903 20,031 軽井沢町
0%
904 20,006 滑川町
0%
905 19,906 加美町
0%
906 19,836 養父市
0%
907 19,710 砥部町
0%
908 19,682 江田島市
0%
909 19,658 いの町
0%
910 19,616 福智町
0%
911 19,539 紋別市
0%
912 19,484 広川町
0%
913 19,448 新ひだか町
0%
914 19,374 与那原町
0%
915 19,271 富良野市
0%
916 19,269 栄町
0%
917 19,120 松浦市
0%
918 18,819 高鍋町
0%
919 18,794 白浜町
0%
920 18,759 羽咋市
0%
921 18,708 輪島市
0%
922 18,707 開成町
0%
923 18,667 福崎町
0%
924 18,621 越前町
0%
925 18,596 宇多津町
0%
926 18,414 遠賀町
0%
927 18,315 須崎市
0%
928 18,228 庄内町
0%
929 18,206 北方町
0%
930 18,173 川島町
0%
931 18,172 北中城村
0%
932 18,140 永平寺町
0%
933 18,076 下田市
0%
934 17,989 与謝野町
0%
935 17,983 枕崎市
0%
936 17,921 さつま町
0%
937 17,906 竹田市
0%
938 17,832 美唄市
0%
939 17,817 深川市
0%
940 17,799 釧路町
0%
941 17,783 美濃市
0%
942 17,739 有田町
0%
943 17,713 下諏訪町
0%
944 17,706 神戸町
0%
945 17,645 上市町
0%
946 17,571 飯山市
0%
947 17,494 留萌市
0%
948 17,476 基山町
0%
949 17,442 嵐山町
0%
950 17,393 平群町
0%
951 17,356 国富町
0%
952 17,309 揖斐川町
0%
953 17,307 芽室町
0%
954 17,304 多可町
0%
955 17,231 阿久根市
0%
956 17,216 愛南町
0%
957 17,141 宿毛市
0%
958 17,136 辰野町
0%
959 17,127 大井町
0%
960 17,122 小山町
0%
961 17,034 会津美里町
0%
962 17,027 みやこ町
0%
963 17,021 遠軽町
0%
964 16,959 七ヶ浜町
0%
965 16,867 吉見町
0%
966 16,855 多久市
0%
967 16,730 矢吹町
0%
968 16,702 豊能町
0%
969 16,694 御船町
0%
970 16,678 美幌町
0%
971 16,669 美郷町
0%
972 16,644 御嵩町
0%
973 16,537 御代田町
0%
974 16,481 城里町
0%
975 16,436 陸前高田市
0%
976 16,430 余市町
0%
977 16,371 門川町
0%
978 16,294 吉野ヶ里町
0%
979 16,249 北広島町
0%
980 16,221 大山崎町
0%
981 16,219 志賀町
0%
982 16,210 日の出町
0%
983 16,142 森町
0%
984 16,136 河北町
0%
985 16,095 南箕輪村
0%
986 16,039 河合町
0%
987 16,026 三春町
0%
988 15,971 まんのう町
0%
989 15,913 大刀洗町
0%
990 15,779 士別市
0%
991 15,759 豊山町
0%
992 15,753 川越町
0%
993 15,715 忠岡町
0%
994 15,709 新富町
0%
995 15,579 鳥羽市
0%
996 15,543 みなかみ町
0%
997 15,542 えびの市
0%
998 15,464 築上町
0%
999 15,442 湯梨浜町
0%
1000 15,311 新上五島町
0%
1001 15,291 上富田町
0%
1002 15,236 当別町
0%
1003 15,164 中能登町
0%
1004 15,134 大淀町
0%
1005 15,116 南部町
0%
1006 15,061 金ケ崎町
0%
1007 15,026 利根町
0%
1008 14,999 東北町
0%
1009 14,981 砂川市
0%
1010 14,955 宮津市
0%
1011 14,903 勝浦市
0%
1012 14,793 琴浦町
0%
1013 14,728 南知多町
0%
1014 14,661 かつらぎ町
0%
1015 14,657 串間市
0%
1016 14,642 河南町
0%
1017 14,589 白老町
0%
1018 14,589 久御山町
0%
1019 14,587 安芸市
0%
1020 14,554 芳賀町
0%
1021 14,531 玉城町
0%
1022 14,499 長洲町
0%
1023 14,481 大洗町
0%
1024 14,417 八雲町
0%
1025 14,415 八頭町
0%
1026 14,319 五戸町
0%
1027 14,276 倶知安町
0%
1028 14,240 雫石町
0%
1029 14,152 熊野市
0%
1030 14,139 尾鷲市
0%
1031 14,121 鞍手町
0%
1032 14,054 榛東村
0%
1033 14,040 聖籠町
0%
1034 14,012 川南町
0%
1035 13,982 中之条町
0%
1036 13,977 安八町
0%
1037 13,968 香美町
0%
1038 13,965 大山町
0%
1039 13,940 佐用町
0%
1040 13,919 津久見市
0%
1041 13,850 藤崎町
0%
1042 13,824 松茂町
0%
1043 13,800 涌谷町
0%
1044 13,780 波佐見町
0%
1045 13,723 佐々町
0%
1046 13,710 富士見町
0%
1047 13,700 四万十町
0%
1048 13,648 内子町
0%
1049 13,596 芦北町
0%
1050 13,586 西之表市
0%
1051 13,581 世羅町
0%
1052 13,568 岬町
0%
1053 13,512 会津坂下町
0%
1054 13,498 大子町
0%
1055 13,497 川崎町
0%
1056 13,485 美浦村
0%
1057 13,434 市川三郷町
0%
1058 13,407 北栄町
0%
1059 13,376 洋野町
0%
1060 13,364 那珂川町
0%
1061 13,364 あさぎり町
0%
1062 13,344 別海町
0%
1063 13,343 田布施町
0%
1064 13,267 富士川町
0%
1065 13,257 大木町
0%
1066 13,244 石川町
0%
1067 13,157 三種町
0%
1068 13,119 七戸町
0%
1069 13,110 多気町
0%
1070 13,104 板倉町
0%
1071 13,020 串本町
0%
1072 13,000 嘉手納町
0%
1073 12,987 能登町
0%
1074 12,978 九十九里町
0%
1075 12,924 坂城町
0%
1076 12,896 長生村
0%
1077 12,895 川西町
0%
1078 12,864 玖珠町
0%
1079 12,821 山辺町
0%
1080 12,771 紀北町
0%
1081 12,764 山田町
0%
1082 12,735 森町
0%
1083 12,731 那智勝浦町
0%
1084 12,721 尾花沢市
0%
1085 12,689 周防大島町
0%
1086 12,682 若狭町
0%
1087 12,653 鳩山町
0%
1088 12,649 上郡町
0%
1089 12,597 階上町
0%
1090 12,594 神川町
0%
1091 12,552 肝付町
0%
1092 12,551 東みよし町
0%
1093 12,521 南会津町
0%
1094 12,508 多古町
0%
1095 12,479 小豆島町
0%
1096 12,418 早島町
0%
1097 12,413 隠岐の島町
0%
1098 12,393 高森町
0%
1099 12,385 和気町
0%
1100 12,364 芦屋町
0%
1101 12,338 板野町
0%
1102 12,335 松島町
0%
1103 12,318 矢掛町
0%
1104 12,308 太子町
0%
1105 12,304 川棚町
0%
1106 12,270 本部町
0%
1107 12,231 桂川町
0%
1108 12,191 羽後町
0%
1109 12,147 垂水市
0%
1110 12,092 猪苗代町
0%
1111 12,073 棚倉町
0%
1112 11,974 鏡石町
0%
1113 11,965 坂町
0%
1114 11,955 東庄町
0%
1115 11,883 甘楽町
0%
1116 11,878 一宮町
0%
1117 11,853 松川町
0%
1118 11,824 新温泉町
0%
1119 11,671 白鷹町
0%
1120 11,610 山都町
0%
1121 11,597 美咲町
0%
1122 11,473 遊佐町
0%
1123 11,467 板柳町
0%
1124 11,432 土庄町
0%
1125 11,394 京丹波町
0%
1126 11,374 大崎町
0%
1127 11,330 佐川町
0%
1128 11,302 恩納村
0%
1129 11,265 山元町
0%
1130 11,239 東吾妻町
0%
1131 11,227 鏡野町
0%
1132 11,130 浦河町
0%
1133 11,072 朝日町
0%
1134 11,042 野辺地町
0%
1135 10,994 南三陸町
0%
1136 10,991 竜王町
0%
1137 10,986 宝達志水町
0%
1138 10,874 屋久島町
0%
1139 10,843 平生町
0%
1140 10,835 金武町
0%
1141 10,814 みなべ町
0%
1142 10,794 鶴田町
0%
1143 10,790 箱根町
0%
1144 10,713 桑折町
0%
1145 10,680 岩手町
0%
1146 10,674 川俣町
0%
1147 10,640 芦別市
0%
1148 10,625 土佐清水市
0%
1149 10,622 丸森町
0%
1150 10,586 上板町
0%
1151 10,554 里庄町
0%
1152 10,541 小布施町
0%
1153 10,526 美里町
0%
1154 10,514 東伊豆町
0%
1155 10,507 斜里町
0%
1156 10,490 茂木町
0%
1157 10,466 市貝町
0%
1158 10,449 蔵王町
0%
1159 10,442 奥出雲町
0%
1160 10,421 勝央町
0%
1161 10,414 日高町
0%
1162 10,391 明和町
0%
1163 10,369 千代田町
0%
1164 10,345 山ノ内町
0%
1165 10,332 高千穂町
0%
1166 10,308 栗山町
0%
1167 10,268 岩内町
0%
1168 10,255 田上町
0%
1169 10,240 越生町
0%
1170 10,224 松田町
0%
1171 10,162 嘉島町
0%
1172 10,064 岩美町
0%
1173 10,013 伯耆町
0%
1174 10,001 氷川町
0%
1175 9,996 市川町
0%
1176 9,988 六戸町
0%
1177 9,979 吉備中央町
0%
1178 9,965 中山町
0%
1179 9,965 湯浅町
0%
1180 9,962 室戸市
0%
1181 9,897 一戸町
0%
1182 9,831 六ヶ所村
0%
1183 9,812 珠洲市
0%
1184 9,802 大槌町
0%
1185 9,753 ときがわ町
0%
1186 9,720 村田町
0%
1187 9,713 錦町
0%
1188 9,632 南部町
0%
1189 9,618 東神楽町
0%
1190 9,616 朝日町
0%
1191 9,613 上峰町
0%
1192 9,585 飯綱町
0%
1193 9,580 白子町
0%
1194 9,568 長沼町
0%
1195 9,567 木曽町
0%
1196 9,566 佐久穂町
0%
1197 9,547 松川村
0%
1198 9,544 紀宝町
0%
1199 9,536 小鹿野町
0%
1200 9,523 高浜町
0%
1201 9,451 江北町
0%
1202 9,445 神河町
0%
1203 9,436 川辺町
0%
1204 9,434 甲佐町
0%
1205 9,368 南阿蘇村
0%
1206 9,331 上富良野町
0%
1207 9,300 香春町
0%
1208 9,297 都農町
0%
1209 9,284 久山町
0%
1210 9,239 八百津町
0%
1211 9,229 徳之島町
0%
1212 9,227 忍野村
0%
1213 9,118 南伊勢町
0%
1214 9,087 邑南町
0%
1215 9,083 黒潮町
0%
1216 9,082 塩谷町
0%
1217 9,067 美瑛町
0%
1218 9,021 輪之内町
0%
1219 9,015 平内町
0%
1220 8,961 南越前町
0%
1221 8,934 大玉村
0%
1222 8,916 山北町
0%
1223 8,905 身延町
0%
1224 8,834 中井町
0%
1225 8,721 嬬恋村
0%
1226 8,714 池田町
0%
1227 8,689 今帰仁村
0%
1228 8,667 鬼北町
0%
1229 8,662 東川町
0%
1230 8,654 長島町
0%
1231 8,539 皆野町
0%
1232 8,511 和水町
0%
1233 8,502 飯島町
0%
1234 8,409 清水町
0%
1235 8,409 美浜町
0%
1236 8,347 宇治田原町
0%
1237 8,321 宮田村
0%
1238 8,300 阿賀町
0%
1239 8,294 小野町
0%
1240 8,280 日高川町
0%
1241 8,271 白馬村
0%
1242 8,243 湧水町
0%
1243 8,235 中泊町
0%
1244 8,207 赤平市
0%
1245 8,175 山形村
0%
1246 8,158 坂祝町
0%
1247 8,147 能勢町
0%
1248 8,072 田尻町
0%
1249 8,062 美里町
0%
1250 8,002 南幌町
0%
1251 7,989 多良木町
0%
1252 7,985 津南町
0%
1253 7,983 南関町
0%
1254 7,929 三戸町
0%
1255 7,907 大多喜町
0%
1256 7,875 厚岸町
0%
1257 7,815 鰺ヶ沢町
0%
1258 7,757 国見町
0%
1259 7,752 大台町
0%
1260 7,740 高原町
0%
1261 7,709 洞爺湖町
0%
1262 7,700 原村
0%
1263 7,691 川西町
0%
1264 7,684 瀬戸内町
0%
1265 7,667 糸田町
0%
1266 7,665 日高町
0%
1267 7,626 湧別町
0%
1268 7,614 琴平町
0%
1269 7,529 添田町
0%
1270 7,526 川崎町
0%
1271 7,504 九重町
0%
1272 7,498 塙町
0%
1273 7,488 五霞町
0%
1274 7,482 湯沢町
0%
1275 7,477 大鰐町
0%
1276 7,468 岩泉町
0%
1277 7,389 御浜町
0%
1278 7,369 新地町
0%
1279 7,364 おおい町
0%
1280 7,350 海陽町
0%
1281 7,347 横瀬町
0%
1282 7,301 五城目町
0%
1283 7,274 軽米町
0%
1284 7,260 紀美野町
0%
1285 7,251 太良町
0%
1286 7,249 大郷町
0%
1287 7,229 度会町
0%
1288 7,223 河内町
0%
1289 7,222 東彼杵町
0%
1290 7,194 弥彦村
0%
1291 7,188 三川町
0%
1292 7,130 神石高原町
0%
1293 7,107 むかわ町
0%
1294 7,073 印南町
0%
1295 7,034 信濃町
0%
1296 7,016 南伊豆町
0%
1297 7,014 安平町
0%
1298 6,984 井手町
0%
1299 6,983 伊方町
0%
1300 6,964 最上町
0%
1301 6,954 多賀町
0%
1302 6,921 三笠市
0%
1303 6,837 安堵町
0%
1304 6,834 豊郷町
0%
1305 6,829 枝幸町
0%
1306 6,802 西原村
0%
1307 6,769 中種子町
0%
1308 6,754 田舎館村
0%
1309 6,729 上毛町
0%
1310 6,710 大紀町
0%
1311 6,708 大江町
0%
1312 6,705 昭和村
0%
1313 6,655 穴水町
0%
1314 6,600 白糠町
0%
1315 6,543 標茶町
0%
1316 6,542 小竹町
0%
1317 6,493 八丈町
0%
1318 6,489 江差町
0%
1319 6,482 大崎上島町
0%
1320 6,478 芝山町
0%
1321 6,474 久米島町
0%
1322 6,473 綾町
0%
1323 6,449 平泉町
0%
1324 6,396 つるぎ町
0%
1325 6,381 長南町
0%
1326 6,350 弟子屈町
0%
1327 6,322 御宿町
0%
1328 6,293 白川町
0%
1329 6,290 大島町
0%
1330 6,287 せたな町
0%
1331 6,287 南部町
0%
1332 6,282 睦沢町
0%
1333 6,278 吉富町
0%
1334 6,263 宜野座村
0%
1335 6,249 那賀町
0%
1336 6,227 広川町
0%
1337 6,199 鷹栖町
0%
1338 6,185 真室川町
0%
1339 6,180 長瀞町
0%
1340 6,173 苓北町
0%
1341 6,163 久万高原町
0%
1342 6,156 豊丘村
0%
1343 6,126 深浦町
0%
1344 6,121 小国町
0%
1345 6,111 高山村
0%
1346 6,104 大空町
0%
1347 6,104 立科町
0%
1348 6,093 新十津川町
0%
1349 6,089 鋸南町
0%
1350 6,075 美浜町
0%
1351 6,074 高取町
0%
1352 6,070 長柄町
0%
1353 6,043 津和野町
0%
1354 6,037 三宅町
0%
1355 6,034 河津町
0%
1356 6,032 色麻町
0%
1357 6,025 西伊豆町
0%
1358 6,023 川北町
0%
1359 6,007 真鶴町
0%
1360 5,991 東串良町
0%
1361 5,973 喜界町
0%
1362 5,917 女川町
0%
1363 5,890 当麻町
0%
1364 5,880 甲良町
0%
1365 5,867 上島町
0%
1366 5,861 泉崎村
0%
1367 5,858 小国町
0%
1368 5,857 飯豊町
0%
1369 5,814 草津町
0%
1370 5,785 大町町
0%
1371 5,766 本別町
0%
1372 5,761 富加町
0%
1373 5,757 関ケ原町
0%
1374 5,743 玉川村
0%
1375 5,736 錦江町
0%
1376 5,704 木曽岬町
0%
1377 5,693 阿智村
0%
1378 5,689 龍郷町
0%
1379 5,683 和泊町
0%
1380 5,668 足寄町
0%
1381 5,652 羽幌町
0%
1382 5,648 夕張市
0%
1383 5,644 智頭町
0%
1384 5,636 八峰町
0%
1385 5,613 池田町
0%
1386 5,593 伊仙町
0%
1387 5,581 大石田町
0%
1388 5,565 広尾町
0%
1389 5,529 喬木村
0%
1390 5,497 神崎町
0%
1391 5,480 下仁田町
0%
1392 5,465 大衡村
0%
1393 5,460 浅川町
0%
1394 5,447 士幌町
0%
1395 5,447 和木町
0%
1396 5,440 朝日町
0%
1397 5,374 吉賀町
0%
1398 5,370 共和町
0%
1399 5,338 美波町
0%
1400 5,331 高森町
0%
1401 5,330 南大隅町
0%
1402 5,326 三朝町
0%
1403 5,243 新得町
0%
1404 5,214 川根本町
0%
1405 5,209 松崎町
0%
1406 5,204 大樹町
0%
1407 5,196 吉野町
0%
1408 5,195 知名町
0%
1409 5,192 広野町
0%
1410 5,187 東通村
0%
1411 5,184 山中湖村
0%
1412 5,169 平田村
0%
1413 5,163 長和町
0%
1414 5,156 中土佐町
0%
1415 5,147 ニセコ町
0%
1416 5,145 奈義町
0%
1417 5,105 松前町
0%
1418 5,047 天城町
0%
1419 5,015 浜中町
0%
1420 5,010 八郎潟町
0%
1421 5,001 西会津町
0%
1422 4,974 南種子町
0%
1423 4,923 安芸太田町
0%
1424 4,902 玄海町
0%
1425 4,890 葛巻町
0%
1426 4,883 鹿追町
0%
1427 4,881 新冠町
0%
1428 4,874 玉東町
0%
1429 4,859 与論町
0%
1430 4,811 矢祭町
0%
1431 4,784 天栄村
0%
1432 4,736 大任町
0%
1433 4,724 津野町
0%
1434 4,711 九戸村
0%
1435 4,705 由良町
0%
1436 4,697 長野原町
0%
1437 4,686 明日香村
0%
1438 4,605 標津町
0%
1439 4,604 長万部町
0%
1440 4,571 中島村
0%
1441 4,553 川上村
0%
1442 4,526 奈井江町
0%
1443 4,512 外ヶ浜町
0%
1444 4,491 上士幌町
0%
1445 4,476 日高村
0%
1446 4,468 越知町
0%
1447 4,458 佐呂間町
0%
1448 4,458 木城町
0%
1449 4,457 飛島村
0%
1450 4,437 下郷町
0%
1451 4,420 舟形町
0%
1452 4,390 中川村
0%
1453 4,388 金山町
0%
1454 4,385 平取町
0%
1455 4,370 住田町
0%
1456 4,368 千早赤阪村
0%
1457 4,366 関川村
0%
1458 4,338 今金町
0%
1459 4,334 由仁町
0%
1460 4,298 国頭村
0%
1461 4,297 蘭越町
0%
1462 4,275 訓子府町
0%
1463 4,269 田子町
0%
1464 4,268 中富良野町
0%
1465 4,267 西和賀町
0%
1466 4,255 小清水町
0%
1467 4,237 西川町
0%
1468 4,237 勝浦町
0%
1469 4,218 厚真町
0%
1470 4,197 小坂町
0%
1471 4,182 古殿町
0%
1472 4,171 下市町
0%
1473 4,162 大間町
0%
1474 4,150 奥多摩町
0%
1475 4,139 刈羽村
0%
1476 4,123 神山町
0%
1477 4,102 飯南町
0%
1478 4,084 美郷町
0%
1479 4,076 羅臼町
0%
1480 4,037 井川町
0%
1481 4,035 久米南町
0%
1482 4,035 仁淀川町
0%
1483 4,034 小海町
0%
1484 3,984 朝日村
0%
1485 3,965 木島平村
0%
1486 3,865 大月町
0%
1487 3,838 浦幌町
0%
1488 3,832 雄武町
0%
1489 3,828 竹富町
0%
1490 3,821 青木村
0%
1491 3,809 横浜町
0%
1492 3,806 津奈木町
0%
1493 3,802 設楽町
0%
1494 3,799 美郷町
0%
1495 3,799 伊江村
0%
1496 3,795 えりも町
0%
1497 3,788 津別町
0%
1498 3,785 中札内村
0%
1499 3,757 阿南町
0%
1500 3,713 筑北村
0%
1501 3,709 相良村
0%
1502 3,704 知内町
0%
1503 3,693 上ノ国町
0%
1504 3,683 上松町
0%
1505 3,657 美深町
0%
1506 3,639 出雲崎町
0%
1507 3,625 西桂町
0%
1508 3,612 様似町
0%
1509 3,604 戸沢村
0%
1510 3,598 豊富町
0%
1511 3,574 日南町
0%
1512 3,570 日吉津村
0%
1513 3,557 芸西村
0%
1514 3,556 南小国町
0%
1515 3,550 野田村
0%
1516 3,527 南木曽町
0%
1517 3,523 片品村
0%
1518 3,522 清里町
0%
1519 3,455 只見町
0%
1520 3,434 鮭川村
0%
1521 3,427 豊浦町
0%
1522 3,413 九度山町
0%
1523 3,410 鹿部町
0%
1524 3,382 土佐町
0%
1525 3,340 興部町
0%
1526 3,328 増毛町
0%
1527 3,317 南牧村
0%
1528 3,277 木古内町
0%
1529 3,272 松野町
0%
1530 3,248 楢葉町
0%
1531 3,245 舟橋村
0%
1532 3,242 比布町
0%
1533 3,235 湯前町
0%
1534 3,228 月形町
0%
1535 3,227 福島町
0%
1536 3,220 すさみ町
0%
1537 3,182 下條村
0%
1538 3,176 川場村
0%
1539 3,150 浜頓別町
0%
1540 3,127 仁木町
0%
1541 3,117 上川町
0%
1542 3,113 厚沢部町
0%
1543 3,112 高山村
0%
1544 3,102 日之影町
0%
1545 3,091 牟岐町
0%
1546 3,014 磐梯町
0%
1547 3,006 大桑村
0%
1548 3,003 和束町
0%
1549 2,999 野沢温泉村
0%
1550 2,969 更別村
0%
1551 2,960 川本町
0%
1552 2,948 五ヶ瀬町
0%
1553 2,936 直島町
0%
1554 2,924 山江村
0%
1555 2,921 大宜味村
0%
1556 2,915 乙部町
0%
1557 2,907 梼原町
0%
1558 2,883 本山町
0%
1559 2,850 湯川村
0%
1560 2,846 七宗町
0%
1561 2,819 山添村
0%
1562 2,812 清川村
0%
1563 2,798 小笠原村
0%
1564 2,792 大潟村
0%
1565 2,780 京極町
0%
1566 2,775 鳴沢村
0%
1567 2,748 新篠津村
0%
1568 2,741 豊頃町
0%
1569 2,735 阿武町
0%
1570 2,713 下川町
0%
1571 2,711 奈半利町
0%
1572 2,705 和寒町
0%
1573 2,700 大豊町
0%
1574 2,654 田野畑村
0%
1575 2,640 柳津町
0%
1576 2,639 高野町
0%
1577 2,638 沼田町
0%
1578 2,617 剣淵町
0%
1579 2,613 大蔵村
0%
1580 2,599 十津川村
0%
1581 2,592 太地町
0%
1582 2,577 小平町
0%
1583 2,577 鮫川村
0%
1584 2,572 苫前町
0%
1585 2,559 壮瞥町
0%
1586 2,521 天塩町
0%
1587 2,490 東栄町
0%
1588 2,488 寿都町
0%
1589 2,488 西ノ島町
0%
1590 2,475 置戸町
0%
1591 2,474 藤里町
0%
1592 2,469 猿払村
0%
1593 2,466 日野町
0%
1594 2,454 赤村
0%
1595 2,431 歌志内市
0%
1596 2,421 黒松内町
0%
1597 2,413 小谷村
0%
1598 2,408 鶴居村
0%
1599 2,403 東成瀬村
0%
1600 2,384 若桜町
0%
1601 2,383 妹背牛町
0%
1602 2,375 木祖村
0%
1603 2,357 古平町
0%
1604 2,329 江府町
0%
1605 2,318 東秩父村
0%
1606 2,313 海士町
0%
1607 2,305 上砂川町
0%
1608 2,272 愛別町
0%
1609 2,252 麻績村
0%
1610 2,251 礼文町
0%
1611 2,245 蓬田村
0%
1612 2,228 北塩原村
0%
1613 2,225 田野町
0%
1614 2,179 南富良野町
0%
1615 2,162 遠別町
0%
1616 2,157 普代村
0%
1617 2,152 利尻富士町
0%
1618 2,151 新島村
0%
1619 2,147 古座川町
0%
1620 2,138 椎葉村
0%
1621 2,120 南山城村
0%
1622 2,114 雨竜町
0%
1623 2,108 幌延町
0%
1624 2,100 滝上町
0%
1625 2,099 秩父別町
0%
1626 2,075 池田町
0%
1627 2,027 三宅村
0%
1628 2,013 小川村
0%
1629 2,007 小値賀町
0%
1630 1,996 陸別町
0%
1631 1,993 奥尻町
0%
1632 1,971 安田町
0%
1633 1,965 真狩村
0%
1634 1,956 喜茂別町
0%
1635 1,911 留寿都村
0%
1636 1,863 上関町
0%
1637 1,863 東洋町
0%
1638 1,851 佐那河内村
0%
1639 1,848 利尻町
0%
1640 1,840 今別町
0%
1641 1,823 新郷村
0%
1642 1,800 東白川村
0%
1643 1,796 水上村
0%
1644 1,786 檜原村
0%
1645 1,709 伊根町
0%
1646 1,701 川内村
0%
1647 1,688 上小阿仁村
0%
1648 1,686 神津島村
0%
1649 1,637 金山町
0%
1650 1,635 与那国町
0%
1651 1,599 東峰村
0%
1652 1,589 球磨村
0%
1653 1,536 東村
0%
1654 1,533 北竜町
0%
1655 1,521 積丹町
0%
1656 1,513 浦臼町
0%
1657 1,502 生坂村
0%
1658 1,498 宇検村
0%
1659 1,468 姫島村
0%
1660 1,448 道志村
0%
1661 1,430 佐井村
0%
1662 1,419 栄村
0%
1663 1,413 中頓別町
0%
1664 1,398 占冠村
0%
1665 1,392 白川村
0%
1666 1,385 泊村
0%
1667 1,369 泰阜村
0%
1668 1,354 神流町
0%
1669 1,340 風間浦村
0%
1670 1,328 中川町
0%
1671 1,292 大和村
0%
1672 1,287 三原村
0%
1673 1,269 南牧村
0%
1674 1,265 東吉野村
0%
1675 1,263 西粟倉村
0%
1676 1,252 諸塚村
0%
1677 1,247 産山村
0%
1678 1,231 御杖村
0%
1679 1,212 赤井川村
0%
1680 1,209 三島町
0%
1681 1,208 南大東村
0%
1682 1,185 上勝町
0%
1683 1,182 伊是名村
0%
1684 1,178 島牧村
0%
1685 1,173 幌加内町
0%
1686 1,137 曽爾村
0%
1687 1,113 西目屋村
0%
1688 1,110 七ヶ宿町
0%
1689 1,098 伊平屋村
0%
1690 1,082 昭和村
0%
1691 1,076 北川村
0%
1692 1,015 天川村
0%
1693 1,014 川上村
0%
1694 986 多良間村
0%
1695 974 上野村
0%
1696 941 天龍村
0%
1697 925 初山別村
0%
1698 921 西興部村
0%
1699 920 笠置町
0%
1700 900 大鹿村
0%
1701 895 早川町
0%
1702 880 西米良村
0%
1703 877 南相木村
0%
1704 857 豊根村
0%
1705 838 座間味村
0%
1706 801 五木村
0%
1707 772 神恵内村
0%
1708 766 根羽村
0%
1709 721 十島村
0%
1710 671 新庄村
0%
1711 663 北相木村
0%
1712 662 下北山村
0%
1713 650 渡嘉敷村
0%
1714 649 馬路村
0%
1715 631 王滝村
0%
1716 622 粟国村
0%
1717 603 音威子府村
0%
1718 589 小菅村
0%
1719 566 北大東村
0%
1720 561 知夫村
0%
1721 525 黒滝村
0%
1722 487 売木村
0%
1724 474 丹波山村
0%
1725 407 飯舘村
0%
1726 374 上北山村
0%
1727 370 三島村
0%
1728 358 平谷村
0%
1729 347 北山村
0%
1730 334 大川村
0%
1731 325 野迫川村
0%
1732 320 利島村
0%
1733 317 粟島浦村
0%
1734 302 御蔵島村
0%
1736 266 葛尾村
0%
1739 0 大熊町
0%
No matching quizzes found
Score Distribution
Percent of People with Each Score
Percentile by Number Answered
Your Score History
You have not taken this quiz